Die Musci der Flora von Buitenzorg: Zugleich Laubmoosflora von Java mit Berücksichtigung aller Familien und Gattungen der gesamten Laubmooswelt

محفوظ في:
التفاصيل البيبلوغرافية
المؤلف الرئيسي: Fleischer, Max
التنسيق: كتاب
اللغة:الألمانية
اللاتينية
منشور في: Hennef, Renania del Norte-Westfalia, Alemania J. Kramer 1977
سلاسل:Bryophytorum Bibliotheca. 9a
الموضوعات:
الوسوم: إضافة وسم
لا توجد وسوم, كن أول من يضع وسما على هذه التسجيلة!

MARC

LEADER 00000nam a2200000 a 4500
001 UCT3393
003 CL-VaPUC
005 20250225092637.0
008 961024e19770000gw |||||||||||||||||ger|d
999 |c 253062  |d 253060 
040 |c Pontificia Universidad Católica de Valparaíso 
041 0 7 |a ger  |2 CL-VaPUC 
041 0 7 |a lat  |2 CL-VaPUC 
082 0 4 |a 581.074 FLE 1977  |2 21 
100 0 |a Fleischer, Max  |9 372326 
245 1 4 |a Die Musci der Flora von Buitenzorg: Zugleich Laubmoosflora von Java mit Berücksichtigung aller Familien und Gattungen der gesamten Laubmooswelt 
260 |a Hennef, Renania del Norte-Westfalia, Alemania  |b J. Kramer  |c 1977 
300 |a v 
490 0 |a Bryophytorum Bibliotheca.  |v 9a 
583 |a last modification  |c 20171218 12:24:04  |k Rodrigo Vera 
650 0 |a Botánica  |9 264202 
650 0 |a Plantas  |9 264555 
650 0 |a Vegetales  |9 264557 
650 7 |a FLORA  |2 CL-VaPUC  |9 264745 
650 0 |a Recursos vegetales  |9 356886 
942 |c BK  |2 ddc 
945 |d 19961024 00:00:00  |a cmena 
952 |0 0  |1 0  |2 ddc  |4 0  |6 581_074000000000000_FLE_1977  |7 0  |8 A  |9 273506  |a BIBCUR  |b BIBCUR  |d 2019-11-19  |h v.4  |i 1772015  |o 581.074 FLE 1977  |p 1772015  |r 2025-04-22  |t 1  |w 2019-11-19  |y BK  |k BIO